| 000 | 00504nam a22001817a 4500 | ||
|---|---|---|---|
| 003 | CEME | ||
| 005 | 20210628201855.0 | ||
| 008 | 210107b xxu||||| |||| 00| 0 eng d | ||
| 020 | _a1566760771 | ||
| 040 | _c. | ||
| 082 | _a620.118 TAN | ||
| 100 |
_aTan, Seng C _956074 |
||
| 245 | _aStress concenitrations in laminated composites | ||
| 260 |
_aUSA _bCRC PRESS _c1994 |
||
| 300 | _aXII, 470P | ||
| 650 |
_aSTRESS CONCENITRATIONS IN LAMINATED COMPOSITES.COMPOSITE MATERIALS _957214 |
||
| 942 |
_cBK _2ddc |
||
| 999 |
_c567506 _d567506 |
||